000 00321nam a22001337a 4500
008 180914b xxu||||| |||| 00| 0 eng d
020 _a082039555409
041 _aeng
080 _a004
100 _a30
101 _aSHK
245 _aAbleton Live 9 Power The Comprehensive Guide
_cMargulies.J
942 _2udc
_cBK
999 _c47769
_d47769